_Success in Agriculture volume5 Dry beans,cotton,maize,sunflower&wheat (Record no. 6200)
[ view plain ]
| 000 -LEADER | |
|---|---|
| fixed length control field | 00393nam a2200121Ia 4500 |
| 008 - FIXED-LENGTH DATA ELEMENTS--GENERAL INFORMATION | |
| fixed length control field | 151021s9999 xx 000 0 und d |
| 050 ## - LIBRARY OF CONGRESS CALL NUMBER | |
| Classification number | SB323.K4N352005 |
| 245 ## - TITLE STATEMENT | |
| Title | _Success in Agriculture volume5 Dry beans,cotton,maize,sunflower&wheat |
| 260 ## - PUBLICATION, DISTRIBUTION, ETC. (IMPRINT) | |
| Place of publication, distribution, etc. | Nairobi Techno Resource Trainers 2005 |
| 300 ## - PHYSICAL DESCRIPTION | |
| Extent | 151p. |
| 650 ## - SUBJECT ADDED ENTRY--TOPICAL TERM | |
| Topical term or geographic name as entry element | _Growing beans,cotton,wheat |
| 980 ## - EQUIVALENCE OR CROSS-REFERENCE-SERIES STATEMENT--PERSONAL NAME/TITLE [LOCAL, CANADA] | |
| Personal name | ^d20110119 02:06:12^okorir |
No items available.